1906 1262 1618 1841 1994 1593 1558 1844 1773 1938 1301 1710 1225 1274 1942 1446 1457 1727 1413 1731 1487 1363 1868 1458 1029 1242 1441 1028 1975 1429 1754 1763 1582 1285 1058 1401 1340 1590 1972 1849 1445 1331 1042 1553 1664 1933 1856 1628 1186 1433 1931 1790 1599 1478 1429 1572 1417 1760 1263 1477 1294 1345 1105 1588 1887 1536 1856 1087 1706 1025 1892 1008 1500 1769 1080 1691 1655 1524 1009 1051 1133 1714 1914 1444 1366 1755 1066 1567 1532 1330 1581 1988 1058 1996 1624 1965 1634 1747 1479 BCNSPRNW ULIB Ver.6.0+V

เปลี่ยนเป็นภาษาไทย

Change to English
 แสดงรายละเอียดบรรณานุกรม
  กลับหน้าหลัก

Brief Record : Get Marc (ISO 2709) : E-mail record : QR code < ปิดหน้าต่าง
LEADER : 00000nam 2200000uu 4500
001    13399112563
003     ULIB
008    110825s2547||||th 000 0 tha d
020    9749222644
050 00 HQ769^bอ846บ 2547
100 0  อุมาพร ตรังคสมบัติ
245 10 บ้านแตก แต่หัวใจไม่สลาย =^bBroken home, but not broken heart /^cอุมาพร ตรังคสมบัติ
246 31 Broken home, but not broken heart
260    กรุงเทพฯ :^bซันต้าการพิมพ์,^c2547
300    304 หน้า :^bภาพประกอบ
504    บรรณานุกรม: หน้า 302-303
650  7 การหย่า
650  7 เด็กที่เป็นปัญหา
650  7 การสมรส
945    ^p300^l0^i018707
945    ^p300^l0^i018708
995    ทศพร
999 ^a ใช้งานได้ทุกระบบ
รายการนี้ยังไม่มีแท็ก
คุณยังไม่ได้ล็อกอิน คุณสามารถมีกิจกรรมร่วมกับเว็บไซต์ได้ แต่ต้องล็อกอินก่อน ::
  ล็อกอิน

รายการสื่อสารสนเทศ

ลำดับที่ ประเภท เลขเรียก/บาร์โค้ด สถานที่ สถานะ
- ไม่พบข้อมูล -

รายการใกล้เคียง
    ผู้แต่ง [อุมาพร ตรังคสมบัติ]

    หัวเรื่อง [เด็กที่เป็นปัญหา]
    หัวเรื่อง [การสมรส]

BibComment


ยังไม่เคยถูกคอมเมนท์

คอมเมนท์ทรัพยากรรายการนี้
  คอมเมนท์: บ้านแตก แต่หัวใจไ..


 Copyright 2026. Bcnsprnw @Library